| 000 | 00745cam a22002294a 4500 | ||
|---|---|---|---|
| 999 |
_c1443 _d1443 |
||
| 001 | 8881 | ||
| 003 | BD-DhUAP | ||
| 005 | 20200206153746.0 | ||
| 008 | 200206s2001 bg l 001 0 eng | ||
| 040 |
_aBD-DhUAP _cBD-DhUAP _dBD-DhUAP _bEng |
||
| 082 |
_223 _a346.5492044 CHO |
||
| 100 | 1 | _aChowdhury, Obaidul Huq. | |
| 245 | 1 | 0 |
_aObaidul Huq Chowdhury's the State Acquisition & Tenancy Act, 1950 : _bXXVIII of 1951 / _cObaidul Huq Chowdhury. |
| 250 | _a3rd ed. | ||
| 260 |
_aDhaka : _bDhaka Law Reports, _c2001. |
||
| 300 |
_a631 pages ; _c26 cm. |
||
| 500 | _aIncludes index. | ||
| 650 | 0 |
_aLand reform _xLaw and legislation _zBangladesh. |
|
| 650 | 0 |
_aFarm tenancy _zBangladesh. |
|
| 942 |
_2ddc _cBK |
||